Detalles MARC
| 000 -CABECERA |
| campo de control de longitud fija |
01075nam a2200265 a 4500 |
| 001 - NÚMERO DE CONTROL |
| campo de control |
000032090 |
| 005 - FECHA Y HORA DE LA ÚLTIMA TRANSACCIÓN |
| campo de control |
20240316073920.0 |
| 008 - DATOS DE LONGITUD FIJA--INFORMACIÓN GENERAL |
| campo de control de longitud fija |
110712s2012 dr a 000 0 spa d |
| 020 ## - NÚMERO INTERNACIONAL ESTÁNDAR DEL LIBRO |
| Número Internacional Estándar del Libro |
9789945074581 |
| 040 ## - FUENTE DE LA CATALOGACIÓN |
| Centro catalogador/agencia de origen |
DO-SdBNP |
| Lengua de catalogación |
spa |
| Centro/agencia transcriptor |
BNPHU |
| 082 ## - NÚMERO DE LA CLASIFICACIÓN DECIMAL DEWEY |
| Número de clasificación |
R910.3 |
| Número de documento/Ítem |
R252d |
| 100 1# - ENTRADA PRINCIPAL--NOMBRE DE PERSONA |
| Nombre de persona |
Ravelo, Temístocles A. |
| Fechas asociadas al nombre |
1854-1936 |
| 9 (RLIN) |
58207 |
| 245 10 - MENCIÓN DE TÍTULO |
| Título |
Diccionario geográfico-histórico dominicano / |
| Mención de responsabilidad, etc. |
Temístocles A. Ravelo ; edición Andrés Blanco Díaz. |
| 260 ## - PUBLICACIÓN, DISTRIBUCIÓN, ETC. |
| Lugar de publicación, distribución, etc. |
Santo Domingo : |
| Nombre del editor, distribuidor, etc. |
Archivo General de la Nación, |
| Fecha de publicación, distribución, etc. |
2012. |
| 300 ## - DESCRIPCIÓN FÍSICA |
| Extensión |
354 p. : |
| Otras características físicas |
ils. ; |
| Dimensiones |
28 cm. |
| 490 1# - MENCIÓN DE SERIE |
| Mención de serie |
Archivo General de la Nación |
| Designación de volumen o secuencia |
167 |
| 500 ## - NOTA GENERAL |
| Nota general |
Incluye datos biográficos del autor en las solapas |
| 500 ## - NOTA GENERAL |
| Nota general |
Incluye referencias bibliográficas y notas al pie de las páginas |
| 500 ## - NOTA GENERAL |
| Nota general |
Incluye anexos |
| 650 #4 - PUNTO DE ACCESO ADICIONAL DE MATERIA--TÉRMINO DE MATERIA |
| Término de materia o nombre geográfico como elemento de entrada |
Geografía |
| Subdivisión geográfica |
República Dominicana |
| Subdivisión de forma |
DICCIONARIOS |
| 9 (RLIN) |
58208 |
| 650 #4 - PUNTO DE ACCESO ADICIONAL DE MATERIA--TÉRMINO DE MATERIA |
| Término de materia o nombre geográfico como elemento de entrada |
República dominicana |
| Subdivisión general |
Historia |
| Subdivisión de forma |
DICCIONARIOS |
| 9 (RLIN) |
58209 |
| 700 12 - PUNTO DE ACCESO ADICIONAL--NOMBRE DE PERSONA |
| Nombre de persona |
Blanco Díaz, Andrés |
| Término indicativo de función/relación |
ed. |
| 9 (RLIN) |
172 |
| 830 #0 - PUNTO DE ACCESO ADICIONAL DE SERIE-TÍTULO UNIFORME |
| Título uniforme |
Archivo General de la Nación |
| Número de parte o sección de la obra |
167 |
| 9 (RLIN) |
58210 |
| 910 ## - DATOS DE OPCIÓN DEL USUARIO (OCLC) |
| Datos de opción del usuario |
Validado. Control de calidad MFF |